000
00261nam a2200097Ia 4500
001
723686
005
20250826163336.0
008
250824s9999 xx 000 0 und d
245
0
_a
NE DEMŞ VİCTOR HUGO
_c
Yazar Adı Belirtilmemiş
260
_b
CARPE DİEM YAYINLARI
999
_c
723686
_d
723686